| 000 | 00550nam a2200229Ia 4500 | ||
|---|---|---|---|
| 005 | 20250425161659.0 | ||
| 008 | 250425s9999 xx 000 0 und d | ||
| 020 | _a0029789109 | ||
| 041 | _aeng | ||
| 082 | _a621.4021 | ||
| 100 | _aFAIRES, VIRGIL MORING | ||
| 245 | 0 | _aTHERMODYNAMICS | |
| 250 | _a6TH ED. | ||
| 260 |
_aEstados Unidos _bMACMILLAN _c1978 |
||
| 260 | _aNEW YORK | ||
| 300 | _a647 | ||
| 650 | _aPROPIEDADES TERMODINAMICAS | ||
| 650 | _aTERMODINAMICA | ||
| 650 | _aTRANSFERENCIA DE CALOR | ||
| 942 | _c01 | ||
| 010 | _a25726 | ||
| 999 |
_c213957 _d213957 |
||